01682 2200241 4500001002100000005001500021035002000036007000300056008004100059020001800100082001000118084001600128100003000144245004500174250001500219300004600234520102600280600001301306264004701319336002101366337003001387338002301417INLIS00000000000028120210206090853 a0010-0221000074ta210206 g 1 ind  a979-3415-20-7 a158.7 a158.7 TRY y0 aTryono SumulyoePengarang1 aYang Unik Yang Dilirik /cTryono Sumulyo aCetakan II avii, 80 Halaman ;c21 x 15 cmeHVS 70 gsm aArdono, lima bersaudara dengan adik-adiknya tergolong keluarga kurang mampu. Karena kekurangannya, Ardono memutuskan tidak akan melanjutkan ke sekolah lantujan tingkat atas dengan harapan agar biaya untuk dirinya dapat dilimpahkan kepada keempat adiknya. Akhirnya Ardono menjadi penganggur, namun tekadnya kuat. Ia ingin sukses di bidang Art and Crafts sesuai sesuai dengan bidang keahliannya. Allah mendengarkan permintaan dengan menunjukkan atas kemampuan yang kuat dari Ardono. Dengan memanfaatkan barang bekas (rosok), Ardono berhasil menyulapnya menjadi karya yang unik, apik, dan langka sehingga dapat mendatangkan rezeki hingga dapat mengubah taraf hidup Ardono menjadi lebih baik. Gambaran kehidupan di atas tersaji dalam “Yang Unik Yang Dilirik”, sebuah ungkapan yang menceritakan tentang liku-liku kehidupan seorang manusia. Muatan yang terkandung dalam cerita ini masih tergolong unik dan langka. Penulis berharap, marilah kita manfaatkan waktu seefektif mungkin untuk berwirausaha dengan pedoman buku ini. 4aMotivasi aSolo :bPT. Era Adicitra Intermedia,c2013 aTeks2rdacontent aTanpa Perantara2rdamedia aVolume2rdacarrier